| 000 | 00476nam a22001457a 4500 | ||
|---|---|---|---|
| 082 |
_a664.4 _bSAM |
||
| 100 |
_aThe Asphalt Institute _920237 |
||
| 110 |
_aThe Asphalt Institute, USA _944920 |
||
| 245 | _aSampling Asphalt Products for Specifications Compliance | ||
| 260 |
_aAsphalt Institute Building College Park Maryland USA _bThe Asphalt Institute _c1981 |
||
| 300 | _avii, 39 P, : | ||
| 526 |
_a0 _b0 _c0 _d664_400000000000000_SAM |
||
| 650 |
_aMCE _9379 |
||
| 942 |
_2ddc _cBK |
||
| 999 |
_c548571 _d548571 |
||